| 000 | 00941nam a22002417a 4500 | ||
|---|---|---|---|
| 999 |
_c15920 _d15920 |
||
| 003 | AR-CdUCM | ||
| 008 | 190326b ||||| |||| 00| 0 spa d | ||
| 040 |
_aMUNICIPALIDAD PROVINCIAL DEL CUSCO _cBIBLIOTECA MUNICIPAL DEL CUSCO |
||
| 082 |
_a320.985 / _bP34 |
||
| 100 |
_aPease García, Henry _93185 |
||
| 245 |
_aPerú 1968 - 1973 : _bCronología politica / |
||
| 260 |
_aLima : _bDESCO, Centro de Estudios y Promoción del Desarrollo, Área de Estudios Políticos, _c1974. |
||
| 300 |
_a2 tomos : _c20 cm. |
||
| 505 | _aContenido: t.1: Fuentes y metodologia -- los actores del proceso politico -- Perú 1968 -- Perú 1969 -- Perú 1970 -- t.2: Peru 1972 -- Perú 1973 -- Perú 1974 -- Anexo I... | ||
| 650 |
_aPerú _935 |
||
| 650 |
_aGobierno _92618 |
||
| 650 |
_aHistoria _9136 |
||
| 650 |
_aCronologia _963 |
||
| 650 |
_aRevolución _9844 |
||
| 700 |
_aVerme Insua, Olga _924649 |
||
| 942 |
_2ddc _cLIBROS |
||
| 945 |
_apjha _d2019-04-30 |
||